000 004350000a22001690004500
003 MACL
005 20160108154518.0
008 160108b xxu||||| |||| 00| 0 eng d
040 _aMACL
_cMACL
041 _aEnglish
082 _a910/BUT
100 _aButler, W
_929912
245 _aPompeii
_bDescriptive and pictorial
260 _bWilliam Blackwood & Sons Ltd
_c1886
_aLondon
650 _aTravel
_929913
942 _cBK
_k910/BUT
_2ddc
999 _c36998
_d36998